000
00494nam a2200157Ia 4500
008
090124s9999 xx 000 0 und d
082
_b
29290
_a
2042
245
_a
कौटिलीय अर्थशास्त्र
250
_a
3
260
_c
1993
300
_a
628
630
_a
कौटिलीय अर्थशास्त्र
700
_a
हिवरगावकर ब. रा.
730
_a
कौटिलीय अर्थशास्त्र
942
_c
BOOK
999
_c
142744
_d
142744